Normal view
MARC view
Entry Personal Name
001 - CONTROL NUMBER
- control field: 1031
003 - CONTROL NUMBER IDENTIFIER
- control field: dpl
005 - DATE AND TIME OF LATEST TRANSACTION
- control field: 20100723150244.0
008 - FIXED-LENGTH DATA ELEMENTS
- fixed length control field: 100723|||a|||||| | ||| d
040 ## - CATALOGING SOURCE
- Original cataloging agency: dpl
- Transcribing agency: dpl
100 ## - HEADING--PERSONAL NAME
- Personal name: द्विवेदी, नीरजा
670 ## - SOURCE DATA FOUND
- Source citation: Work cat.: (dpl): द्विवेदी, नीरजा, कालचक्र से परे /, 2010
670 ## - SOURCE DATA FOUND
- Source citation: Work cat.: (dpl): द्विवेदी, नीरजा, कालचक्र से परे /, 2010
